000 00884nam a22002897a 4500
003 CHAP
005 20220329135141.0
008 971013s1980 r 00010 d
010 _a31721
011 _a32693
035 _a36808
040 _cCHAP
082 _a517.38
_bC7
100 0 0 _aCronin, Jane.
_929159
245 _aDifferential equations
_b: introduction and qualitative theory
260 _aNew York :
_bDekker,
_c1980
300 _a372 p.
490 _aPure and applied mathematics
_v; 54
590 _aBATCH-UPD
_b10
_c20130110
_lUCH01
_h0335
590 _aBATCH-UPD
_b10
_c20130110
_lUCH01
_h2311
590 _aCONVERSION
_b10
_c20130109
_lUCH01
_h1318
650 1 4 _aEcuaciones diferenciales.
_935306
830 0 _aPure and applied mathematics
_v; 54
_993043
901 _aBK
942 _cLIBRO
949 _a517.38 C7
_bBC
_cLIBRO
_d33724000142378
_eLIBRO
_h56929
_i36808
_si
999 _c31721
_d31721